Tribhuvan University Central Library

Research for marketing decisions (Record no. 12923)

MARC details
000 -LEADER
fixed length control field 007060000a22002650004500
008 - FIXED-LENGTH DATA ELEMENTS--GENERAL INFORMATION
fixed length control field 160104b xxu||||| |||| 00| 0 eng d
020 ## - INTERNATIONAL STANDARD BOOK NUMBER
International Standard Book Number 81-203-0757-74
020 ## - INTERNATIONAL STANDARD BOOK NUMBER
International Standard Book Number 9788120307575
041 ## - LANGUAGE CODE
Language code of text/sound track or separate title Eng
082 ## - DEWEY DECIMAL CLASSIFICATION NUMBER
Classification number 658.83
Item number G825r
100 ## - MAIN ENTRY--PERSONAL NAME
Personal name Green, Paul E.
9 (RLIN) 11106
100 ## - MAIN ENTRY--PERSONAL NAME
Personal name Tull, Donalds
100 ## - MAIN ENTRY--PERSONAL NAME
Personal name Albaum, Gerald
9 (RLIN) 11108
245 ## - TITLE STATEMENT
Title Research for marketing decisions
250 ## - EDITION STATEMENT
Edition statement 5th ed.
260 ## - PUBLICATION, DISTRIBUTION, ETC.
Place of publication, distribution, etc. New Delhi
Name of publisher, distributor, etc. Prentice-Hall of India, India
260 ## - PUBLICATION, DISTRIBUTION, ETC.
Date of publication, distribution, etc. 1995
300 ## - PHYSICAL DESCRIPTION
Extent xii,784p.
Other physical details illus, tables
500 ## - GENERAL NOTE
General note Includes Bibliography
650 ## - SUBJECT ADDED ENTRY--TOPICAL TERM
Topical term or geographic name entry element Marketing
650 ## - SUBJECT ADDED ENTRY--TOPICAL TERM
Topical term or geographic name entry element Market research
9 (RLIN) 2811
650 ## - SUBJECT ADDED ENTRY--TOPICAL TERM
Topical term or geographic name entry element Information systems
650 ## - SUBJECT ADDED ENTRY--TOPICAL TERM
Topical term or geographic name entry element Sampling
942 ## - ADDED ENTRY ELEMENTS (KOHA)
Koha item type General Collections
Source of classification or shelving scheme Dewey Decimal Classification
Holdings
Withdrawn status Lost status Damaged status Not for loan Home library Current library Date acquired Total Checkouts Barcode Date last seen Price effective from Source of classification or shelving scheme Shelving location Full call number Koha item type
        Tribhuvan University Central Library Tribhuvan University Central Library 06/20/2010   G46786 06/20/2010 06/20/2010        
        Tribhuvan University Central Library Tribhuvan University Central Library 07/14/2011   140687 07/14/2011 07/14/2011 Dewey Decimal Classification New Building 658.83 G825r General Collections
        Tribhuvan University Central Library Tribhuvan University Central Library 12/28/2015   152370 12/28/2015 12/28/2015 Dewey Decimal Classification New Building 658.83 G825r General Collections
        Tribhuvan University Central Library Tribhuvan University Central Library 12/28/2015   152371 12/28/2015 12/28/2015 Dewey Decimal Classification   658.83 G825r General Collections
        Tribhuvan University Central Library Tribhuvan University Central Library 05/19/2025   143970 05/19/2025 05/19/2025 Dewey Decimal Classification New Building 658.83 G825r General Collections
        Tribhuvan University Central Library Tribhuvan University Central Library 05/19/2025   143971 05/19/2025 05/19/2025 Dewey Decimal Classification New Building 658.83 G825r General Collections